000
00239nam a2200097Ia 4500
001
685027
005
20250826161509.0
008
250824s9999 xx 000 0 und d
245
0
_a
DÜNYA EVİ/O.KEMAL/EVEREST
_c
ORHAN KEMAL
260
_b
EVEREST
999
_c
685027
_d
685027